[Event "Washington Class Championships"]
[Site "Redmond, WA"]
[Date "2012.11.23"]
[Round "2"]
[White "Eva David  (WA)"]
[Black "Pazderic Nicola  (WA)"]
[Result "0-1"]
[WhiteElo "1879"]
[BlackElo "1813"]
[Annotator ""]
[Source ""]
[Remark "A"]

1.e4 c5 2.Nf3 e6 3.d4 cxd4 4.Nxd4 a6 5.Nc3 Qc7 6.Be3 Nf6 7.f3
Bb4 8.Qd2 d5 9.Bd3 e5 10.O-O Bxc3 ( 10...dxe4 ) 11.bxc3 exd4
12.cxd4 O-O 13.e5 Ne8 14.f4 f5 15.Qe2 Be6 16.Qh5 g6 17.Qh4 Nc6
18.h3 Qe7 19.Qh6 Nc7 20.Kh1 Nb4 21.Rad1 Nxa2 22.g4 Nc3 23.Rd2
Ne4 24.Rg2 b5 25.Rfg1 a5 26.Bc1 b4 27.c3 Qg7 28.Qh4 Nxc3 29.gxf5
Bxf5 30.Bxf5 Rxf5 31.Rg5 Rxg5 32.Rxg5 Ne6 0-1

[Event "Washington Class Championships"]
[Site "Redmond, WA"]
[Date "2012.11.24"]
[Round "3"]
[White "Zhang Brendan  (WA)"]
[Black "Bonrud Neal  (WA)"]
[Result "0-1"]
[WhiteElo "1655"]
[BlackElo "1824"]
[Annotator ""]
[Source ""]
[Remark "A"]

1.d4 d5 2.c4 dxc4 3.e3 Nf6 4.Bxc4 e6 5.Nc3 c5 6.Nf3 Nc6 7.O-O
cxd4 8.exd4 Be7 9.d5 {%02
 (There are nine responses to 8...Be7 in my database with more than ten games
each, and this one, 9. d5, is the only one with a negative record for white.)}
exd5 10.Bxd5 Nxd5 11.Qxd5 Be6 12.Qb5 Qc7 13.Nd4 Bd7 14.Nd5 Qd6
15.Bf4 {??} ( 15.Re1 ) Nxd4 16.Bxd6 Nxb5 {??=} ( 16...Bxb5 17.Bxe7
Bxf1 18.Kxf1 {%02$17/$19} ) 17.Bxe7 Be6 18.Rad1 Bxd5 19.Rxd5
Kxe7 20.Re1+ Kf6 21.Rxb5 Rhe8 22.Rxe8 Rxe8 23.Kf1 b6 24.a4 Re5
25.Rb4 g5 26.Rc4 Rc5 27.Rxc5 bxc5 28.Ke2 Ke5 29.Kd3 Kd5 30.b3
f5 31.h4 g4 {?} ( 31...gxh4 ) 32.h5 f4 33.f3 gxf3 34.gxf3 a6
35.h6 Ke5 36.Kc4 Kd6 37.b4 cxb4 38.Kxb4 Kc6 $14 39.Kc4 Kb6 {%02+- (Here we have a major advantage for white, if white does the right thing, beginning with 40. Kd5.)}
40.a5+ {%02$19 (White chose not to, and now the position favors Black every bit as much as it favored White a move earlier.)}
Kxa5 41.Kc5 Ka4 42.Kd4 Kb3 43.Ke4 a5 44.Kxf4 a4 45.Kg5 a3 46.Kf6
a2 47.Kg7 a1Q+ 48.Kxh7 Qf6 49.f4 Kc4 50.f5 Kd5 51.Kg8 Qxh6 52.f6
Qxf6 53.Kh7 Qg5 0-1

[Event "Washington Class Championships"]
[Site "Redmond, WA"]
[Date "2012.11.24"]
[Round "3"]
[White "Deshpande Abhay  (WA)"]
[Black "Yin Tom  (WA)"]
[Result "1-0"]
[WhiteElo "320"]
[BlackElo "741"]
[Annotator ""]
[Source ""]
[Remark "F"]

1.d4 d6 2.e4 g6 3.Nf3 Bg7 4.Bf4 c5 5.c3 Nf6 6.Nbd2
( 6.dxc5 dxc5 7.Qxd8+ Kxd8 8.e5 Nd5 9.Bg3 Nc6 10.Ng5 Ke8 11.Bb5
Bd7 12.e6 fxe6 13.Bxc6 bxc6 14.Nd2 e5 15.Nge4 Rb8 16.Nc4 Bf5
17.f3 Nf4 18.Kf2 Be6 19.Ned2 Kf7 20.Rab1 Rhd8 21.Bxf4 exf4 22.Rhe1
Rd7 23.Ne5+ Bxe5 24.Rxe5 Rxd2+ {0-1, Palinkas Eid - Zsebok O, Hungary 1994}
) cxd4 7.cxd4 e5 8.dxe5 dxe5 9.Nxe5 Nc6 10.Nxc6 bxc6 11.Qc2 Rb8
12.Bxb8 Qb6 13.Be5 O-O 14.Bc4 Re8 15.Bc3 Bf5 16.Bd3 Nxe4 17.Nxe4
Bxe4 18.Bxe4 Bxc3+ 19.bxc3 f5 20.O-O Rxe4 21.Rab1 Qa6 22.Qd2
Re2 23.Qd7 Rxa2 24.Rb8+ Qc8 25.Rxc8# 1-0

[Event "Washington Class Championships"]
[Site "Redmond, WA"]
[Date "2012.11.24"]
[Round "3"]
[White "Caluza Severo  (CAN)"]
[Black "Haining Kyle  (WA)"]
[Result "0-1"]
[WhiteElo "1847"]
[BlackElo "1918"]
[Annotator ""]
[Source ""]
[Remark "Expert"]

1.c4 g6 2.Nc3 Bg7 3.d4 Nf6 4.e4 d6 5.f3 O-O 6.Be3 Nbd7 7.Qd2
c5 8.Nge2 cxd4 9.Nxd4 a6 10.Be2 Nb8 11.O-O e5 12.Nc2 Nc6 13.Rfd1
Qa5 14.a3 Rd8 15.b4 Qc7 16.Kh1 Be6 17.Rac1 Qd7 18.b5 Na5 19.Na1
Bxc4 20.Nd5 Nxd5 21.exd5 Bxe2 22.Qxe2 Qxb5 23.Qxb5 axb5 24.Bb6
Rd7 25.Rb1 Nc4 26.Rxb5 Nxb6 27.Rxb6 Rxa3 28.Nc2 Rc3 29.Ne1 Bf8
30.Kg1 Bh6 31.Kf1 Be3 32.Rb2 Rdc7 33.Ke2 Bd4 34.Rbb1 R3c5 35.Rd2
Bc3 36.Ra2 Rxd5 37.Nd3 Ra5 38.Rc2 d5 39.g4 d4 40.h4 Re7 41.Nf2
Rd7 42.Kd3 f5 43.g5 Ra3 44.Ke2 Ba5 45.Rc8+ Kg7 46.Nd3 e4 47.fxe4
fxe4 48.Nc5 Ra2+ 49.Kd1 e3 50.Re8 d3 51.Rxe3 Rf7 ( 51...Rd2+
52.Kc1 Rc2+ 53.Kd1 Rxc5 ) 52.Nxd3 Rd2+ 53.Kc1 Rc7+ 54.Nc5 Rxc5+
55.Rc3 Rxc3+ 56.Kxd2 Rb3+ 57.Kc2 Rxb1 58.Kxb1 Be1 0-1

[Event "Washington Class Championships"]
[Site "Redmond, WA"]
[Date "2012.11.25"]
[Round "5"]
[White "Clay Dorian  (WA)"]
[Black "Whitmer Audrey  (WA)"]
[Result "1/2-1/2"]
[WhiteElo "874"]
[BlackElo "1166"]
[Annotator ""]
[Source ""]
[Remark "E"]

1.e4 e5 2.Nf3 Nc6 3.Bc4 Nf6 4.d3 Bc5 5.c3 Be7 6.Bb3 d6 7.Be3
Bg4 8.Nbd2 O-O 9.Qe2 Qd7 10.O-O-O Na5 11.h3 Nxb3+ 12.Nxb3 Be6
13.g4 Bxb3 14.axb3 Qb5 15.Kc2 c5 16.g5 Nd7 17.h4 g6 18.h5 a5
19.hxg6 fxg6 20.Rh6 Rf7 21.c4 Qc6 22.Rdh1 a4 23.Nh4 Bf8 24.Qg4
Bxh6 25.gxh6 Nf8 26.Nf5 Kh8 27.Bg5 axb3+ 28.Kd2 Qc7 29.Bh4 Qd7
30.Ra1 Rc8 31.Ke3 Ne6 32.Ng3 $19 1/2-1/2

[Event "Washington Class Championships"]
[Site "Redmond, WA"]
[Date "2012.11.24"]
[Round "3"]
[White "Haining Breck  (WA)"]
[Black "Mitchell Blaine  (WA)"]
[Result "1/2-1/2"]
[WhiteElo "1238"]
[BlackElo "1355"]
[Annotator ""]
[Source ""]
[Remark "D"]

1.e4 d6 2.Be2 Nf6 3.Nc3 g6 4.d4 Bg7 5.Bf4 O-O 6.Qd2 Nbd7 7.g4
e5 8.dxe5 Nxe5 9.h3 b6 10.Bh6 Bb7 11.Bxg7 Kxg7 12.f3 d5 13.Nxd5
Bxd5 14.g5 Nxe4 15.fxe4 Bxe4 16.Rh2 Qxd2+ 17.Kxd2 Rad8+ 18.Ke1
Bxc2 19.Rc1 Nd3+ 20.Bxd3 Bxd3 21.Rxc7 Rfe8+ 22.Kf2 a6 23.Kg3
Rc8 24.Rxc8 Rxc8 25.Nf3 f6 26.gxf6+ Kxf6 27.h4 Rc4 28.Rd2 Bf5
29.Rd6+ Ke7 30.Rxb6 Rg4+ 31.Kf2 Be4 32.Rxa6 Bxf3 33.Kxf3 Rxh4
34.a3 Rd4 35.Ra7+ Rd7 36.Rxd7+ Kxd7 37.b4 h5 38.Kg3 g5 39.a4
h4+ 40.Kg4 Kc6 41.Kh3 Kb6 1/2-1/2

[Event "Washington Class Championships"]
[Site "Redmond, WA"]
[Date "2012.11.24"]
[Round "2"]
[White "Buzek Jan  (WA)"]
[Black "Brusniak Benjamin  (WA)"]
[Result "0-1"]
[WhiteElo "1621"]
[BlackElo "1708"]
[Annotator ""]
[Source ""]
[Remark "B"]

1.e4 e6 2.d4 d5 3.exd5 exd5 4.Bd3 Nf6 5.Bg5 Be7 6.Nf3 O-O 7.O-O
Bg4 8.Nbd2 Nbd7 9.c3 c6 10.Qc2 h6 11.Bxf6 Nxf6 12.Ne5 Be6 13.f4
c5 14.dxc5 Bxc5+ 15.Kh1 Rc8 16.Rf3 Qd6 17.Nf1 Ne4 18.Ng3 f5 19.Rd1
Qb6 20.Bxe4 dxe4 21.Rff1 Rfd8 22.h3 Kh7 23.b3 Be3 24.Nh5 Bd4
25.Qb2 Bxc3 26.Qe2 Rxd1 27.Rxd1 Bxe5 28.fxe5 Rd8 29.Rc1 Qd4 30.Rc7
Rd7 31.Rc1 Qxe5 32.Qe3 Bf7 33.Nf4 b6 34.Rf1 g5 35.Ne2 f4 36.Qc1
Rc7 {%02'time'} 0-1

[Event "Washington Class Championships"]
[Site "Redmond, WA"]
[Date "2012.11.23"]
[Round "1"]
[White "Lee Nathan  (WA)"]
[Black "Sinanan Joshua  (WA)"]
[Result "0-1"]
[WhiteElo "2143"]
[BlackElo "2252"]
[Annotator ""]
[Source ""]
[Remark "Master"]

1.e4 c5 2.Nf3 e6 3.Qe2 Nc6 4.g3 d6 5.Bg2 Be7 6.c3 Bf6 7.O-O Nge7
8.d3 O-O 9.h4 e5 10.Nh2 g6 11.Bh6 Bg7 12.Bxg7 Kxg7 13.g4 Ng8
14.g5 f6 15.Qe3 fxg5 16.hxg5 Rf4 17.Qg3 Qe7 18.Kh1 Nd8 19.Bf3
Ne6 20.Rg1 Bd7 21.Nd2 Raf8 22.Ndf1 Bc6 23.Ne3 Qf7 24.Bg2 Kh8
25.f3 Qe7 26.Bh3 Ng7 27.Raf1 Nh5 28.Qe1 R4f7 29.Rf2 Nf4 30.Bf1
b6 31.c4 Qd8 32.Qd2 Bd7 33.Rg3 Ne7 34.Neg4 Nc6 35.Nf6 Rxf6 36.gxf6
Qxf6 37.Qe3 Qh4 38.Rg1 Nd4 39.Rd2 Nh5 40.Qf2 Qf4 41.b3 Nxf3 42.Qxf3
Qxf3+ 43.Nxf3 Rxf3 44.Kg2 Rf6 45.Rh1 Nf4+ 46.Kg3 Kg7 47.Bg2 h5
48.Bf3 Kh6 49.Rdh2 Be8 50.Be2 g5 51.Bg4 h4+ 52.Kf2 Bh5 53.Bd7
Nxd3+ 54.Ke3 Rf3+ 55.Kd2 Nf4 56.Bc8 Bg6 57.Bb7 Kh5 58.Ke1 Bxe4
59.Bxe4 Re3+ 60.Kf2 Rxe4 61.Kf3 Rd4 62.Ke3 h3 63.Rxh3+ Nxh3 64.Rxh3+
Rh4 65.Rf3 Rf4 66.Rh3+ Kg6 67.Rh1 g4 0-1

[Event "Washington Class Championships"]
[Site "Redmond, WA"]
[Date "2012.11.25"]
[Round "5"]
[White "Wang Michael  (WA)"]
[Black "Sinanan Joshua  (WA)"]
[Result "0-1"]
[WhiteElo "2156"]
[BlackElo "2252"]
[Annotator ""]
[Source ""]
[Remark "Master"]

1.c4 e5 2.g3 Nc6 3.Bg2 f5 4.d3 Nf6 5.Nc3 Bb4 6.Bd2 O-O 7.Nd5
Bxd2+ 8.Qxd2 d6 9.e3 f4 10.gxf4 ( 10.gxf4 Bg4 11.Ne2 Nxd5 12.Bxd5+
Kh8 13.O-O-O exf4 14.Rdg1 fxe3 15.fxe3 Ne5 16.h3 Bxe2 17.Qxe2
Rf2 18.Qd1 c6 19.d4 Qb6 {0-1, Gallus Gerald (GER) 2175 - Klaric Zlatko (CRO) 2400, Kecskemet (Hungary) 1991.06}
) Nxd5 11.Bxd5+ Kh8 12.fxe5 Nxe5 13.d4 Ng4 14.Bf3 Qh4 15.h3 Nh6
16.O-O-O Be6 17.b3 a6 18.d5 Bd7 19.a4 Rf6 20.e4 Nf7 21.Re1 Ne5
22.Re3 Raf8 23.Qe2 g5 24.Kd1 Be8 25.Rh2 Nxf3 26.Nxf3 Rxf3 27.Rxf3
Rxf3 28.Rg2 Bh5 29.Qb2+ Kg8 30.Ke1 Qxe4+ 0-1

[Event "Washington Class Championships"]
[Site "Redmond, WA"]
[Date "2012.11.25"]
[Round "5"]
[White "Sullivan Brian  (CAN)"]
[Black "Buck Stephen  (WA)"]
[Result "0-1"]
[WhiteElo "1631"]
[BlackElo "1700"]
[Annotator ""]
[Source ""]
[Remark "B"]

1.d4 d5 2.c4 c6 3.Nc3 Nf6 4.Nf3 e6 5.e3 Nbd7 6.Be2 Be7 7.Qc2
dxc4 8.Bxc4 b5 9.Be2 a6 10.O-O Bb7 11.b3 Rc8 12.Bb2 c5 13.Qd2
O-O 14.Rac1 cxd4 ( 14...Qb6 15.Rfd1 Rfd8 16.Qe1 Ba8 17.Qf1 Nf8
18.dxc5 Bxc5 19.Rxd8 Rxd8 20.Rd1 Rc8 21.Nb1 Nd5 22.a3 Qb7 23.Bd4
Be7 24.b4 Ng6 25.Rd3 Qb8 26.Nc3 Nf6 27.Bxf6 Bxf6 28.Nb1 Bxf3
29.gxf3 Ne5 30.Rd2 Qb7 31.Kg2 Nc4 32.Rd3 h6 33.Bd1 Ne5 34.Rc3
Rd8 35.Rc2 Kh7 36.Rd2 Rc8 37.Qe2 Rc4 38.Bc2+ g6 39.h3 Bg7 40.Bd3
Rc1 41.Be4 Qe7 42.f4 Nc4 43.Rc2 Rxb1 44.Rxc4 Rb3 45.Rc2 Rxa3
46.Qd2 Rb3 47.Bb7 Qxb7+ {0-1, Filonenko Anton (UKR) - Niznik Ilya, Belaja Tserkov (Ukraine) 2004.10.25}
) 15.Nxd4 Nc5 16.Rfd1 Qb6 17.Bf3 Rfd8 18.Bxb7 Qxb7 19.Qe2 Nd5
20.Nxd5 Rxd5 21.Nf3 Rcd8 22.Rxd5 Qxd5 23.Bd4 Ne4 24.Ne5 Ba3 25.Rc7
Bd6 26.Nc6 Re8 27.Qc2 Bxc7 0-1

[Event "Washington Class Championships"]
[Site "Redmond, WA"]
[Date "2012.11.23"]
[Round "2"]
[White "Haining Kyle  (WA)"]
[Black "He Daniel  (WA)"]
[Result "0-1"]
[WhiteElo "1918"]
[BlackElo "2030"]
[Annotator ""]
[Source ""]
[Remark "Expert"]

1.e4 c5 2.Nf3 b6 3.d4 cxd4 4.Nxd4 Bb7 5.f3 e6 6.c4 a6 7.Nc3 Qc7
8.Be3 Nf6 9.Be2 h5 10.Rc1 Bd6 11.h4 Bg3+ 12.Kd2 Nc6 13.Kc2 Ne5
14.Kb1 Ng6 15.Nb3 Bc6 16.Qg1 Rb8 17.Bf2 Bf4 18.Be3 O-O 19.Bxf4
Nxf4 20.Qe3 Ng6 21.g4 hxg4 22.fxg4 Qf4 23.Qxf4 Nxf4 24.Bf3 Nd3
25.Rc2 Ne5 26.g5 Ne8 27.Be2 f5 28.gxf6 Nxf6 29.Nd2 b5 30.cxb5
axb5 31.b4 Nc4 32.Bxc4 bxc4 33.a3 d5 34.exd5 exd5 35.Re1 d4 36.Nce4
c3 37.Nxf6+ Rxf6 38.Nb3 Rd8 39.Ka2 Bf3 40.Rf1 Be4 41.Rxf6 Bxc2
42.Rf1 d3 43.Na1 Ba4 44.Nb3 d2 45.Rd1 c2 46.Rxd2 Bxb3+ 47.Kxb3
Rxd2 48.Kb2 c1Q+ 49.Kxc1 Ra2 50.b5 Rxa3 51.Kb2 Ra5 52.b6 Rb5+ 0-1

[Event "Washington Class Championships"]
[Site "Redmond, WA"]
[Date "2012.11.24"]
[Round "4"]
[White "Marriott Peter  (WA)"]
[Black "Bonrud Neal  (WA)"]
[Result "1/2-1/2"]
[WhiteElo "1974"]
[BlackElo "1824"]
[Annotator ""]
[Source ""]
[Remark "A"]

1.d4 d5 2.Nf3 Nf6 3.Bf4 c5 4.e3 Qb6 5.Nc3 a6 6.Rb1 e6 7.Be2 cxd4
8.Qxd4 Qxd4 9.exd4 Nbd7 10.O-O Be7 11.a4 b6 12.h3 Bb7 13.Bd3
Ne4 14.Bxe4 dxe4 15.Nd2 f5 16.Rfe1 Rc8 17.f3 Bf6 18.fxe4 Bxd4+
19.Kh2 e5 20.exf5 O-O 21.Be3 Rxf5 22.Nde4 Bxe4 23.Nxe4 Rxc2 24.Rbd1
Nc5 25.Nd6 Rf8 26.Bxd4 exd4 27.Rxd4 Rxb2 {%02$17/$19} 28.Re7
h5 29.Rd5 g6 {=} 30.Ne8 {%02$17/$19} ( 30.Nc4 $14 ) Rf7 31.Re3
Rb3 $15 ( 31...Rff2 {%02$17/$19} ) 32.Rxb3 Nxb3 33.Rd6 Kf8 34.Rxb6
Kxe8 35.Rxb3 {=} 1/2-1/2

[Event "Washington Class Championships"]
[Site "Redmond, WA"]
[Date "2012.11.24"]
[Round "4"]
[White "Reis Liam  (WA)"]
[Black "Buntaran Alexius  (WA)"]
[Result "0-1"]
[WhiteElo "944"]
[BlackElo "960"]
[Annotator ""]
[Source ""]
[Remark "F"]

1.d4 d5 2.c4 e6 3.Nf3 Nf6 4.Nc3 c6 5.g3 Bd6 6.Bg2 O-O 7.O-O Nbd7
8.Re1 dxc4 9.e4 Bc7 10.Bg5 h6 11.e5 hxg5 12.exf6 Qxf6 13.Ne4
Qg6 14.Nfxg5 f5 ( 14...Ba5 ) 15.Qc2 {?} fxe4 16.Rxe4 Qxg5 17.Rh4
Qf5 18.Be4 Qg5 19.Bh7+ Kf7 20.Bg6+ Qxg6 0-1

[Event "Washington Class Championships"]
[Site "Redmond, WA"]
[Date "2012.11.25"]
[Round "5"]
[White "MacGregor Michael  (WA)"]
[Black "Lee Nathan  (WA)"]
[Result "1-0"]
[WhiteElo "2214"]
[BlackElo "2143"]
[Annotator ""]
[Source ""]
[Remark "Master"]

1.e4 c5 2.Nf3 Nc6 3.d4 cxd4 4.Nxd4 Nf6 5.Nc3 d6 6.Bc4 e6 7.O-O
Be7 8.Nde2 O-O 9.Ng3 a6 10.a4 Na5 11.Bd3 Qb6 12.Rb1 Qc7 13.f4
Bd7 14.Qe2 Nc6 15.Kh1 Rfd8 16.Bd2 Be8 17.Rbe1 Nd7 18.Qg4 Kh8
19.Nh5 g6 20.Ng3 Nf6 21.Qh3 Bf8 22.f5 Bg7 23.Bg5 Nd7 24.fxg6
fxg6 25.Qxe6 Nc5 26.Qh3 Bf7 27.Nd5 Bxd5 28.exd5 Ne5 29.Bxd8 Rxd8
30.Ne4 Nxe4 31.Bxe4 Qe7 32.Bxg6 1-0

[Event "Washington Class Championships"]
[Site "Redmond, WA"]
[Date "2012.11.23"]
[Round "1"]
[White "MacGregor Michael  (WA)"]
[Black "Lee Megan  (WA)"]
[Result "1/2-1/2"]
[WhiteElo "2214"]
[BlackElo "2121"]
[Annotator ""]
[Source ""]
[Remark "Master"]

1.e4 e5 2.Bc4 Nc6 3.Nf3 Bc5 4.b4 Bb6 5.a4 a6 6.O-O d6 7.c3 Nf6
8.d3 O-O 9.Bg5 Be6 10.Nbd2 h6 11.Bh4 Qe7 12.Bxe6 fxe6 13.Nc4
Ba7 14.b5 Nb8 15.Rb1 axb5 16.Rxb5 c6 17.Bxf6 Rxf6 18.Rb2 Na6
19.d4 exd4 20.cxd4 Qc7 21.e5 dxe5 22.dxe5 Rf4 23.Nd6 Nc5 24.Nd4
Bb6 25.Nxe6 Nxe6 26.Qb3 Qe7 27.Qxb6 Rfxa4 28.Qxb7 Qxb7 29.Rxb7
R8a5 30.Nf5 Rxe5 31.Ne7+ Kh7 32.Nxc6 Rc5 33.Ne7 Rc7 34.Rxc7 Nxc7
35.Re1 Ne6 36.h4 Nc5 37.h5 Nd3 38.Rd1 Nf4 39.g4 Ne2+ 40.Kf1 Rxg4
41.Ng6 Nd4 42.Rd3 Nf5 43.Rd8 Rxg6 44.hxg6+ Kxg6 45.Rf8 Kg5 46.Kg2
Kf4 47.Rf7 g5 48.Rf6 h5 49.Rf8 g4 50.Ra8 Kg5 51.Ra4 Nh4+ 52.Kf1
Nf5 53.Kg1 Nh4 54.Rb4 Nf3+ 55.Kg2 Nh4+ 56.Kh2 Nf5 57.Rb5 Kf4
58.Kg1 Kg5 1/2-1/2

[Event "Washington Class Championships"]
[Site "Redmond, WA"]
[Date "2012.11.23"]
[Round "2"]
[White "Greninger Harley  (WA)"]
[Black "Cadman Chuck  (WA)"]
[Result "1-0"]
[WhiteElo "2175"]
[BlackElo "2254"]
[Annotator ""]
[Source ""]
[Remark "Master"]

1.d4 Nf6 2.c4 g6 3.Nc3 c5 4.d5 Bg7 5.e4 d6 6.Bd3 O-O 7.Nge2 e5
8.O-O Na6 9.a3 Nc7 10.b4 Nh5 11.bxc5 dxc5 12.Be3 b6 13.Qd2 f5
14.exf5 gxf5 15.f4 e4 16.Bc2 Ne8 17.Ba4 Nd6 18.Qa2 Ba6 19.Bb5
Bxb5 20.cxb5 Qd7 21.Rab1 Nf6 22.h3 Qf7 23.Rfd1 Rfd8 24.Rd2 Rd7
25.a4 Nb7 26.Rbd1 Rad8 27.a5 Nxa5 28.Bxc5 Rc8 29.Bd4 Nh5 30.Bxg7
Qxg7 31.d6+ Kh8 32.Qe6 Nc4 33.Qxf5 Nxd2 34.Rxd2 e3 35.Rd3 Rg8
36.g4 Nf6 37.Ne4 Rf8 38.Nxf6 Rxf6 39.Qe5 Kg8 40.Qe8+ Rf8 41.Qxe3
Rfd8 42.Qe5 Qg6 {?!} 43.f5 Qh6 44.f6 Qf8 45.Qg5+ Kh8 46.Qe5 Re8
47.Qb2 Kg8 48.Ng3 Re6 49.Nf5 Qxf6 50.Qxf6 Rxf6 51.Re3 Kf7 52.Kf2
{%02$15 (At this point, the record keeping stops, with White having 1:03 on his
clock.  An unknown number of moves later, White wins, with all of 14 seconds left to his name.)}
 1-0

[Event "Washington Class Championships"]
[Site "Redmond, WA"]
[Date "2012.11.23"]
[Round "1"]
[White "He Daniel  (WA)"]
[Black "Nagase Masayuki  (WA)"]
[Result "1-0"]
[WhiteElo "2047"]
[BlackElo "1838"]
[Annotator ""]
[Source ""]
[Remark "Expert"]

1.e4 c5 2.Nf3 Nc6 3.Bb5 e6 4.Bxc6 bxc6 5.O-O d5 6.Nc3 Nf6 7.d3
Be7 8.Re1 O-O 9.b3 Qc7 10.Bb2 ( 10.Ba3 Re8 11.Na4 Nd7 12.c4 d4
13.e5 Qa5 14.Qd2 Qc7 15.Re2 h6 16.Rae1 Rb8 17.h4 Qd8 18.Qf4 Kh8
{1-0, Stubenrauch Bruno 1990 - Hager Eberhard (GER) 2029, Germany 1994}
) d4 11.Na4 e5 12.Ba3 Nd7 13.c3 Bd6 14.Rc1 Bb7 15.Ng5 Qd8 16.Nf3
Qe7 17.Nd2 Nb6 18.Nb2 g6 19.Nbc4 Nd7 20.cxd4 exd4 21.e5 Bc7 22.f4
f6 23.exf6 Qxf6 24.g3 h5 25.Ne4 Qf5 26.Ncd6 Qh3 27.Nxb7 Bxf4
28.gxf4 Rxf4 29.Qe2 Ne5 30.Nf6+ Rxf6 31.Qxe5 Raf8 32.Qg3 Qc8
33.Nxc5 Rf3 34.Qxg6+ Kh8 35.Qxh5+ Kg8 36.Qg6+ Kh8 37.Re7 R3f7
38.Rxf7 Rxf7 39.Qxf7 Qg4+ 40.Kh1 Qg5 41.Rg1 Qd8 42.Qg7# 1-0

[Event "Washington Class Championships"]
[Site "Redmond, WA"]
[Date "2012.11.25"]
[Round "5"]
[White "Ramesh Jothi  (WA)"]
[Black "Hendricks David  (WA)"]
[Result "0-1"]
[WhiteElo "1763"]
[BlackElo "1678"]
[Annotator ""]
[Source ""]
[Remark "B"]

1.c4 Nf6 2.d3 g6 3.g3 Bg7 4.Bg2 O-O 5.Nc3 c5 6.Bd2 Nc6 7.Nf3
Rb8 8.O-O a6 9.a4 b6 10.Re1 Bb7 11.e3 Nb4 12.d4 Qc7 13.d5 Nd3
14.Re2 Nxb2 15.Qb3 Nd3 16.e4 d6 17.e5 Nxe5 18.Nxe5 dxe5 19.Rae1
Nd7 20.Ne4 h6 21.f4 f5 22.Nf2 e4 23.Bc3 Rbe8 24.a5 Bxc3 25.axb6
Qxb6 26.Qxc3 Qb4 27.Qc2 Rb8 28.Nxe4 Nb6 29.Nd2 Nc8 30.Re6 Rf6
31.Rb1 Qa3 32.Rc6 {?} Qe3+ 33.Kh1 Nd6 34.Rxa6 {??} Bxa6 35.Rxb8+
Kf7 36.Rb6 Qe1+ 37.Bf1 Bxc4 38.Rb1 Bxd5+ 0-1

[Event "Washington Class Championships"]
[Site "Redmond, WA"]
[Date "2012.11.23"]
[Round "2"]
[White "Anthony Ralph  (WA)"]
[Black "Davis Joe  (WA)"]
[Result "0-1"]
[WhiteElo "1641"]
[BlackElo "1648"]
[Annotator ""]
[Source ""]
[Remark "B"]

1.e4 e5 2.Nf3 Nc6 3.Bc4 Bc5 4.c3 Nf6 5.d4 exd4 6.e5 d5 7.exf6
dxc4 8.Qe2+ Be6 9.fxg7 Rg8 10.Bg5 Be7 11.Bxe7 Qxe7 12.cxd4 Rxg7
13.O-O O-O-O 14.Rd1 Bg4 15.Qxe7 Nxe7 16.Nbd2 Nc6 17.Kf1 Nxd4
18.Rac1 Nxf3 19.Nxf3 Rxd1+ 20.Rxd1 Bxf3 21.gxf3 Rg6 22.Rd4 b5
23.Ke2 Rd6 24.Ke3 Rxd4 25.Kxd4 Kd7 26.b3 cxb3 27.axb3 a5 28.Kc5
a4 29.bxa4 bxa4 30.Kb4 Kc6 31.Kxa4 Kc5 32.Kb3 Kd4 33.Kc2 Kc4
34.f4 Kd4 35.f5 Ke5 36.Kc3 Kxf5 37.Kd4 Kf4 38.Kd5 Kf3 39.Kc6
Kxf2 40.Kxc7 f5 41.Kd6 f4 42.Ke5 f3 43.h4 Kg3 44.h5 f2 45.Kf6
f1Q+ 46.Kg7 Qf5 47.h6 Qg6+ 48.Kh8 Qxh6 49.Kg8 Qe6+ 50.Kxh7 Qg4
51.Kh6 Kf4 52.Kh7 Kf5 53.Kh8 Kf6 0-1

[Event "Washington Class Championships"]
[Site "Redmond, WA"]
[Date "2012.11.23"]
[Round "1"]
[White "Edwards Gary  (WA)"]
[Black "Wang James  (WA)"]
[Result "1-0"]
[WhiteElo "1879"]
[BlackElo "1747"]
[Annotator ""]
[Source ""]
[Remark "A"]

1.e4 e5 2.Nf3 Nc6 3.Bb5 Nf6 4.O-O Nxe4 5.d4 Nd6 6.Bxc6 dxc6 7.dxe5
Nf5 8.Qxd8+ Kxd8 9.Nc3 Bb4 10.Ne4 h6 11.Rd1+ ( 11.Bd2 Bf8 12.Bc3
Be6 13.Rad1+ Ke8 14.b3 a5 15.Nd4 Nxd4 16.Bxd4 a4 17.Rd2 b6 18.f4
axb3 19.axb3 Bd5 20.Nc3 Rd8 21.Nxd5 Rxd5 22.Rfd1 Rxd4 23.Rxd4
Bc5 24.Kf2 Ke7 25.Kf3 Bxd4 26.Rxd4 Ra8 27.Ke4 Ra1 28.Rd2 g6 29.g3
h5 30.Kd4 Ke6 31.Ke4 Re1+ 32.Kf3 Rh1 33.h3 Rc1 34.Re2 Rf1+ 35.Kg2
Rd1 36.Kf3 Kd5 37.Ke3 Kc5 38.Rd2 Rxd2 39.Kxd2 Kd4 40.Ke2 Ke4
41.b4 h4 42.Kf2 b5 43.c3 c5 44.bxc5 c6 45.Kg2 Ke3 46.f5 gxf5
47.gxh4 Ke2 48.Kg3 Ke3 49.Kg2 Ke2 50.Kg3 {1/2-1/2, Marches J M - Martin F Alberto (ESP) 2125, Badalona (Spain) 2000}
) Ke7 12.g4 h5 13.gxf5 Bxf5 14.Bg5+ Ke8 15.Nc3 Bxc2 16.Rd2 Bf5
17.h4 Be7 18.Re1 Bg4 19.Bxe7 Kxe7 20.Kg2 Rad8 21.Red1 Rxd2 22.Rxd2
f6 23.exf6+ gxf6 24.Ne4 Rg8 25.Ng3 Be6 26.Re2 Kf7 27.Nd4 Bxa2
28.Ndf5 Bd5+ 29.f3 Re8 30.Rxe8 Kxe8 31.Nxh5 Kf7 32.Nf4 Bb3 33.Kf2
Bc2 34.Nd4 Bh7 35.Ke3 a6 36.Nd3 Kg6 37.Nc5 b6 38.Nxa6 c5 39.Nc6
Kh5 40.Nxc7 Kxh4 41.Nd5 b5 42.Nxf6 Bc2 43.Ne4 c4 44.Nb4 Bb3 45.Nc3 1-0

[Event "Washington Class Championships"]
[Site "Redmond, WA"]
[Date "2012.11.24"]
[Round "4"]
[White "Jiang Peiqi  (WA)"]
[Black "Campbell Tim  (WA)"]
[Result "1-0"]
[WhiteElo "1585"]
[BlackElo "1759"]
[Annotator ""]
[Source ""]
[Remark "A"]

1.d4 d5 2.c4 Nc6 3.Nc3 Nf6 4.Nf3 Bg4 5.Ne5 Nxe5 6.dxe5 d4 7.Nb5
c6 8.Nxd4 Qa5+ 9.Qd2 Qxe5 10.Qf4 Qxf4 ( 10...Qxf4 11.Bxf4 e5
12.Bxe5 Bb4+ 13.Kd1 Ne4 14.Kc2 Nxf2 15.Rg1 f6 16.Bf4 O-O-O 17.Be3
Bc5 18.Bxf2 Bxd4 19.Bxd4 Rxd4 20.e3 Rd7 21.Bd3 g6 22.h3 Rhd8
23.Be4 Be2 24.Kc3 f5 25.Rae1 Bxc4 26.Bc2 Bd3 27.Bb3 Re7 28.g4
Re5 29.a4 a5 30.Bf7 Rc5+ 31.Kb3 Be4 32.Be6+ Kb8 33.gxf5 gxf5
34.Rg7 Rd2 35.Rxh7 Rcc2 36.Rb1 Re2 37.Rg1 Rxe3+ 38.Ka2 Ree2 39.Rg8+
Ka7 40.h4 Rxb2+ 41.Ka3 Rbd2 42.Rg3 Bd5 43.Bxd5 cxd5 44.h5 d4
45.Kb3 f4 46.Rg4 Rc2 {0-1, Botsari Anna-Maria (GRE) 2341 - Kanavarakis D 2200, Serres (Greece) 1990}
) 11.Bxf4 Rd8 12.O-O-O e6 ( 12...e5 13.Bxe5 Ne4 $17 ) 13.f3 Bc5
{?} 14.Nb3 Rxd1+ 15.Kxd1 Bb6 16.c5 Bd8 17.fxg4 Nxg4 18.Bg3 Bc7
19.Bxc7 Nf2+ 20.Ke1 Nxh1 21.g3 h5 22.Bg2 h4 23.Bxh1 hxg3 24.Bxg3
g5 25.Na5 f5 26.Be5 Rh7 27.Kf2 f4 28.Kg1 Rh3 29.Nxb7 Re3 30.Bxc6+
Kf7 31.Bd6 Rxe2 32.Bf3 Rxb2 33.c6 Ke8 34.Bh5# 1-0

[Event "Washington Class Championships"]
[Site "Redmond, WA"]
[Date "2012.11.24"]
[Round "4"]
[White "Ramesh Jothi  (WA)"]
[Black "Anthony Ralph  (WA)"]
[Result "1/2-1/2"]
[WhiteElo "1773"]
[BlackElo "1641"]
[Annotator ""]
[Source ""]
[Remark "B"]

1.c4 Nf6 2.g3 g6 3.Bg2 Bg7 4.Nc3 c5 5.d3 Nc6 6.e3 O-O 7.Nge2
d6 8.O-O Rb8 9.Qa4 Bd7 10.Qd1 Qc8 11.d4 Bh3 12.Nf4 Bxg2 13.Kxg2
Rd8 14.d5 Ne5 15.Qe2 a6 16.a4 g5 17.Nh3 g4 18.Nf4 Nf3 19.h3 Ng5
20.hxg4 Qxg4 21.f3 Qd7 22.Rh1 e6 23.Nh5 Qe7 24.f4 Nge4 25.Nxe4
Nxe4 26.Nxg7 Kxg7 27.Qg4+ Kh8 28.Rxh7+ Kxh7 29.Bd2 Qf6 {?}
( 29...Ng5 ) 30.Rh1+ Qh6 31.Rxh6+ Kxh6 32.Be1 exd5 33.cxd5 b5
34.f5 {?} ( 34.Qf5 {+-} ) Re8 35.Qh4+ Kg7 36.f6+ Kg6 37.a5 Nxf6
38.Bc3 Ne4 39.Qg4+ Ng5 40.Qf4 Ne4 1/2-1/2

[Event "Washington Class Championships"]
[Site "Redmond, WA"]
[Date "2012.11.25"]
[Round "6"]
[White "Brusniak Benjamin  (WA)"]
[Black "Davis Joe  (WA)"]
[Result "1-0"]
[WhiteElo "1708"]
[BlackElo "1720"]
[Annotator ""]
[Source ""]
[Remark "B"]

1.d4 d5 2.c4 e6 3.Nc3 Nf6 4.Nf3 c6 5.e3 Nbd7 6.Bd2 Be7 7.h3 O-O
( 7...O-O 8.Bd3 dxc4 9.Bxc4 b5 10.Be2 a6 11.Rc1 Bb7 12.O-O c5
13.dxc5 Nxc5 14.Re1 Rc8 15.b4 Nce4 16.Nxe4 Nxe4 17.a3 Nxd2 18.Qxd2
Qxd2 19.Nxd2 Bf6 20.Rb1 Rfd8 21.Bf3 Bxf3 22.Nxf3 Rd3 23.e4 Rxa3
24.e5 Be7 25.Re4 g6 26.h4 Rac3 27.Kf1 Rc1+ 28.Re1 R1c4 29.Ra1
Ra8 30.Ra2 Bxb4 31.Rd1 Ra7 32.g3 Be7 33.Rda1 b4 34.Rxa6 Rxa6
35.Rxa6 b3 36.Ra8+ Kg7 37.Re8 b2 38.Nd2 Bb4 39.Rb8 Bxd2 40.Rxb2
Rc1+ 41.Kg2 Bc3 42.Re2 Re1 {0-1, Alarcon Rodrigo (CRC) 2245 - Chichizola T, Peru 2000}
) 8.b3 dxc4 9.bxc4 c5 10.d5 exd5 11.cxd5 Bd6 12.Bd3 Ne5 13.Nxe5
Bxe5 14.e4 Re8 15.Qc2 Bxc3 ( 15...Nxd5 16.Nxd5 Bxa1 $19 ) 16.Bxc3
Nxd5 17.Bb5 Bd7 {?} 18.Bxd7 Qxd7 19.O-O-O Qb5 20.exd5 Re2 21.Rd2
Rae8 22.Qb3 Qa6 23.Rxe2 Rxe2 24.Re1 Rxe1+ 25.Bxe1 c4 26.Qg3 h6
27.Bc3 Qxa2 {??} 28.Qxg7# 1-0